LEADER 01061nas a2200205 i 4500 001 000000005538 003 CaOOAMICUS 005 20210901120013.0 008 180830c20119999it zx u0 z|ita u 040 $aSeMil$bita 245 10$aCollationes :$bstudi sul pensiero tardo-antico, medievale e umanistico $h[generale di collana] /$cdiretta da Giulio d'Onofrio. 264 1$aRoma :$bCittà Nuova,$c2011- 300 $av. ;$c23 cm. 700 1 $aD'Onofrio, Giulio,$d<1953- >.$0(OLS)http://semarc/name/1390 830 0$aCollationes .$0(OLS)http://semarc/title/431957 850 $aSeMil 852 $aSeMil$W1$xVenegono$y1$mVedi "Titolo uniforme di collana" per le collocazioni dei singoli volumi$j222888$qSottoscrizione meritevole$B238633$CSeMilBibl$Z2$F238633 $81 996 $6245$aCollationes :$bstudi sul pensiero tardo-antico, medievale e umanistico $h[generale di collana]$9(OLS)http://semarc/title/436863 996 $6264$aRoma :$bCittà Nuova$9(OLS)http://semarc/publisher/29609 LEADER 01345nam a2200277 i 4500 001 000000172179 003 CaOOAMICUS 005 20080529000000.0 008 080529s2008 fr u000 u fre u 013 $a149618 020 $a2-85021-185-3 040 $aSeMil$bita 100 1 $aGaruti, Paolo,$c.$0(OLS)http://semarc/name/51034 245 10$aQohélet, l'ombre et le soleil :$bl'imaginaire civique du Livre de l'Ecclésiaste entre judaïsme, héllenisme et culture romaine /$cpar Paolo Garuti. 260 $aParis :$bGabalda,$c2008. 300 $a99 p. ;$c24 cm. 490 0 $aCahiers de la Revue biblique ;$v70 500 $aContiene: Bibliographie. 650 4$aBibbia. Antico Testamento. Qohelet - Commentari, studi, critica, interpretazioni.$0(OLS)http://semarc/subject/6967 830 0$aCahiers de la Revue biblique ;$v70.$0(OLS)http://semarc/title/190 850 $aSeMil 852 $aSeMil$W1$xVenegono$y1$m2IA C 70$j269757$B123041$CSeMilBibl$Z2$F134318 $81 961 $aSottoscrizione: Gabalda 996 $6020$a2-85021-185-3$9(OLS)http://semarc/number/159508 996 $6245$aQohélet, l'ombre et le soleil :$bl'imaginaire civique du Livre de l'Ecclésiaste entre judaïsme, héllenisme et culture romaine$9(OLS)http://semarc/title/246506 996 $6260$aParis :$bGabalda$9(OLS)http://semarc/publisher/29624